000 00608cam a22002173a 4500
001 39096
003 PGUSA
005 20140828083851.0
008 120310s2012||||xxu|||||s|||||000 | eng d
040 _aPGUSA
_beng
042 _adc
100 1 _aJókai, Mór,
_d1825-1904
245 1 0 _aUnkarilainen Nabob :
_bRomaani
_h[electronic resource] /
_cMór Jókai
260 _bProject Gutenberg,
_c2012
506 _aPublic domain in the USA.
516 _aElectronic text
700 1 _aWainio, Niilo E.
830 0 _aProject Gutenberg
_v39096
856 4 0 _uhttp://www.gutenberg.org/ebooks/39096
942 _cEB
999 _c268349
_d268349